00323 2200133 4500001002100000005001500021035002000036245007100056300000800127260002200135082000800157084001200165990001200177INLIS00000000000212220250527111521 a0010-0525000414 aRPUL (Rangkuman Pengetahuan Umum Lengkap) Indonesia /cSugeng H. R a320 bAneka Ilmu,c2007 a370 a370 RPU a0713231